000
00205 a2200097 4500
001
16774
100
_a
Thorburn S.S
245
_a
Punjab in peace and war
260
_a
_b
Qausain
_c
090
_c
12641
_d
12641
942
_a
NUST-CAE
_c
M
_c
2938
999
_c
251847
_d
251847